000 00916nam a22001577a 4500
003 OSt
005 20151027090710.0
008 151027b xxu||||| |||| 00| 0 eng d
040 _cRUA
082 _aAVM VOE 2009 B089 Or.1
100 _92936
_aVOEURN, SAMPHOS.
245 _aStudy of using moringa oleifera leaves replace soybean in concentrate on growthrate of quail at animal experimental station ofr rua (ការសិក្សាលើការប្រើប្រាស់ស្លឺកម្រុុំក្រៀមជំនួសសណ្ដែកសៀងក្នុងចំណីផ្សំលើការលូតលាស់ាបស់ក្រួចនៅស្ថានីយ៏ពិសោធន៏សត្វនៃសាកលវិទ្យាល័យភូមិន្ទកសិកម្ម)
260 _aPhnom Penh
_bRUA
_c2009
300 _ax, 45p.
_bill.
_c29cm.
942 _2ddc
_cAVM
999 _c2753
_d2753